000 00621nam a22001697a 4500
999 _c216453
_d216453
005 20260318131027.0
008 260318b ||||| |||| 00| 0 eng d
040 _aLC
_cUNZA
_dUNZA
_eRDA
099 _aGOV. ZAM (O2) 2020
110 _aZambia Statistics Agency
245 _aMinistry of labour and Social Security :
_b2020 child labour report /
_cZambia Statistics Agency
260 _aLusaka :
_bZambia Statistics Agency
300 _a96 pages :
_billuatrations.
650 _aChild labour
_zZambia.
856 _uhttps://www.mlss.gov.zm/wp-content/uploads/2023/10/ZM_2020-CHILD-LABOUR-REPORT.pdf
942 _cGOV-PUBS